000 01925cam a2200265 4500500
005 20260208002208.0
041 _afre
042 _adc
100 1 0 _aSauret, Marie-Jean
_eauthor
700 1 0 _aPortuese, Marina
_eauthor
245 0 0 _aTransmission impossible, transmission d’un impossible
260 _c2016.
500 _a74
520 _aOn n’est pas humain parce que seulement enfant d’humain, mais parce que chacun refait le pas que l’humanité a effectué pour subvertir son animalité. Le processus d’humanisation implique que chaque humain préserve ce qu’il est d’indéterminé de façon à ce qu’il puisse jouer de sa capacité de création dans la construction du « vivre ensemble ». Pour ce faire, est requise la « fonction paternelle » qui permet à chacun qui y consent de s’inscrire dans une généalogie. Il est impossible à la génération qui transmet les conditions d’exercice de cette fonction de contraindre la génération suivante à l’adopter. La transmission est contingente, singulière. La « modernité » a contrarié ce processus. En réponse s’est inventée la psychanalyse qui maintient à la disposition du sujet encombré les éléments nécessaires à son inscription humaine. Comment se transmettra-t-elle elle-même si elle redouble l’indétermination du sujet ? D’autant que la postmodernité, non contente de s’en prendre à la solution généalogique et, partant, à la névrose, semble chercher à disqualifier la psychanalyse elle-même.
690 _acastration
690 _adésir de l’analyste
690 _afonction paternelle
690 _agénéalogie
690 _aimpossible
690 _alien social
690 _aŒdipe
690 _aréel
786 0 _nEmpan | 101 | 1 | 2016-03-18 | p. 102-107 | 1152-3336
856 4 1 _uhttps://shs.cairn.info/revue-empan-2016-1-page-102?lang=fr&redirect-ssocas=7080
999 _c1645803
_d1645803